[Event "SVK-chT1W 1718"]
[Site "Slovakia"]
[Date "2017.10.21"]
[Round "1.1"]
[White "Zetocha, Claudiu Andrei"]
[Black "Puskar, Peter"]
[Result "1-0"]
[WhiteElo "2359"]
[BlackElo "2186"]
[PlyCount "113"]
[EventDate "2017.10.21"]
[EventType "team-tourn"]
[EventRounds "11"]
[EventCountry "SVK"]
[SourceTitle "CBM 181 Extra"]
[Source "ChessBase"]
[SourceDate "2017.12.12"]
[SourceVersion "1"]
[SourceVersionDate "2017.12.12"]
[SourceQuality "1"]
[WhiteTeam "Bratislava Slovan II"]
[BlackTeam "Trnava Lokomotiva"]
[WhiteTeamCountry "SVK"]
[BlackTeamCountry "SVK"]

1. e4 c5 2. Nf3 d6 3. c3 Nf6 4. h3 e6 5. Bd3 Be7 6. 0-0 0-0 7. Bc2 Nc6 8. Re1 Qc7 9. d4 Rd8 10. Nbd2 b6 11. Nf1 cxd4 12. cxd4 Ba6 13. Bd2 Bxf1 14. Rxf1 Rac8 15. Rc1 Qb7 16. Qe2 Nd7 17. Bd3 Ncb8 18. Bc3 Nf8 19. Nh2 Rc7 20. f4 Rdc8 21. Rcd1 a6 22. f5 b5 23. a3 Qb6 24. Kh1 Nbd7 25. Qd2 Ra7 26. fxe6 Nxe6 27. Nf3 Raa8 28. Bb1 Ndf8 29. d5 Nd8 30. Nd4 f6 31. Nf5 Qb7 32. Qe2 Nf7 33. Rd3 Ng6 34. Rg3 Bf8 35. h4 Nge5 36. Nd4 Qe7 37. Bc2 Kh8 38. Bd1 Ra7 39. Qf2 Rb7 40. Bh5 Rcb8 41. Nf5 Qd8 42. Nd4 Nh6 43. Bd2 Ng8 44. Nc6 Qd7 45. Nxb8 Rxb8 46. Rc1 Be7 47. Qf5 g6 48. Qxd7 Nxd7 49. Bg4 Nc5 50. Re3 Nh6 51. Bh3 Bd8 52. b4 Na4 53. Rc8 Rxc8 54. Bxc8 Nb6 55. Rc3 Nf7 56. Bxa6 Nc4 57. Bc1 1-0

[Event "SVK-chT1W 1617"]
[Site "Slovakia"]
[Date "2017.02.25"]
[Round "8.3"]
[White "Franzen, Jozef"]
[Black "Puskar, Peter"]
[Result "0-1"]
[WhiteElo "2242"]
[BlackElo "2224"]
[PlyCount "96"]
[EventDate "2016.10.15"]
[EventType "team-tourn"]
[EventRounds "11"]
[EventCountry "SVK"]
[SourceTitle "EXT 2018"]
[Source "ChessBase"]
[SourceDate "2017.10.13"]
[SourceVersion "1"]
[SourceVersionDate "2017.10.13"]
[SourceQuality "1"]
[WhiteTeam "Bratislava Slovan II"]
[BlackTeam "Trnava Lokomotiva"]
[WhiteTeamCountry "SVK"]
[BlackTeamCountry "SVK"]

1. Nf3 Nf6 2. g3 d5 3. Bg2 c6 4. 0-0 Bg4 5. d3 Nbd7 6. Nbd2 Qc7 7. b3 e6 8. Bb2 Be7 9. c4 0-0 10. Qc2 Rac8 11. Rae1 Rfd8 12. Qb1 Bb4 13. Qc1 Bxf3 14. Bxf3 Qa5 15. Rd1 Qxa2 16. Qc2 Qa5 17. Ra1 Qb6 18. Rfb1 a6 19. Nf1 Qc7 20. h4 Bd6 21. Bc3 Re8 22. Bg2 e5 23. e3 h6 24. Bh3 Ra8 25. Ba5 b6 26. Bc3 a5 27. Ra2 Ra7 28. Rba1 Rea8 29. Bg2 b5 30. Be1 Qb6 31. Bf3 Nf8 32. g4 Ne6 33. Kg2 b4 34. Ng3 Bf8 35. Bd2 Nc5 36. g5 e4 37. gxf6 exf3+ 38. Kxf3 a4 39. bxa4 b3 40. Qb1 Nxa4 41. Rxa4 Rxa4 42. Rxa4 Rxa4 43. fxg7 Bxg7 44. Qg1 Ra1 45. Qg2 c5 46. Nf5 Qf6 47. e4 dxe4+ 48. dxe4 Kh7 0-1

[Event "SVK-chT2A 1617"]
[Site "Slovakia"]
[Date "2016.12.04"]
[Round "6.1"]
[White "Puskar, Peter"]
[Black "Karas, Marek"]
[Result "1/2-1/2"]
[WhiteElo "2187"]
[BlackElo "2217"]
[PlyCount "80"]
[EventDate "2016.10.08"]
[EventType "team-tourn"]
[EventRounds "11"]
[EventCountry "SVK"]
[SourceTitle "EXT 2018"]
[Source "ChessBase"]
[SourceDate "2017.10.13"]
[SourceVersion "1"]
[SourceVersionDate "2017.10.13"]
[SourceQuality "1"]
[WhiteTeam "Trnava Lokomotiva II"]
[BlackTeam "Osuske II"]
[WhiteTeamCountry "SVK"]
[BlackTeamCountry "SVK"]

1. d4 e6 2. Nf3 c5 3. e3 Nf6 4. Bd3 b6 5. 0-0 Bb7 6. b3 Be7 7. Bb2 0-0 8. c4 cxd4 9. exd4 d5 10. Nbd2 Nc6 11. Rc1 Rc8 12. Bb1 Rc7 13. Qe2 Qc8 14. Rfd1 Rd8 15. Ne5 dxc4 16. Ndxc4 Nb4 17. h4 Nbd5 18. g3 Ba8 19. f3 b5 20. Ne3 Nc3 21. Bxc3 Rxc3 22. Rxc3 Qxc3 23. Qd3 Qxd3 24. Bxd3 a6 25. Kf2 Nd5 26. Nxd5 Bxd5 27. Rc1 Bd6 28. f4 f6 29. Nf3 Rb8 30. Ke3 Bb7 31. Be4 Rc8 32. Rxc8+ Bxc8 33. Ne1 h6 34. h5 Kf7 35. Bg6+ Ke7 36. Be4 e5 37. Nd3 exf4+ 38. Nxf4 Bg4 39. Bf3 Bf5 40. Be4 Bg4 1/2-1/2

[Event "SVK-chT2A 1617"]
[Site "Slovakia"]
[Date "2016.12.03"]
[Round "5.1"]
[White "Puskar, Peter"]
[Black "Sosna, Jan"]
[Result "1/2-1/2"]
[WhiteElo "2187"]
[BlackElo "2341"]
[PlyCount "46"]
[EventDate "2016.10.08"]
[EventType "team-tourn"]
[EventRounds "11"]
[EventCountry "SVK"]
[SourceTitle "EXT 2018"]
[Source "ChessBase"]
[SourceDate "2017.10.13"]
[SourceVersion "1"]
[SourceVersionDate "2017.10.13"]
[SourceQuality "1"]
[WhiteTeam "Trnava Lokomotiva II"]
[BlackTeam "Skalica"]
[WhiteTeamCountry "SVK"]
[BlackTeamCountry "SVK"]

1. d4 d5 2. Nf3 c6 3. e3 Bg4 4. b3 e6 5. Bb2 Nd7 6. Be2 Ngf6 7. 0-0 Be7 8. Nbd2 0-0 9. h3 Bh5 10. c4 a5 11. Ne5 Bg6 12. Nxg6 hxg6 13. Qc2 a4 14. c5 Qc7 15. b4 b5 16. cxb6 Qxb6 17. a3 Rfc8 18. Rac1 Ne8 19. e4 Nd6 20. e5 Nf5 21. Nf3 Bd8 22. g4 Ne7 23. Bd3 Qa7 1/2-1/2

[Event "SVK-chT1W 1617"]
[Site "Slovakia"]
[Date "2016.11.20"]
[Round "4.2"]
[White "Puskar, Peter"]
[Black "Jablonicky, Martin"]
[Result "0-1"]
[WhiteElo "2224"]
[BlackElo "2261"]
[PlyCount "62"]
[EventDate "2016.10.15"]
[EventType "team-tourn"]
[EventRounds "11"]
[EventCountry "SVK"]
[SourceTitle "EXT 2018"]
[Source "ChessBase"]
[SourceDate "2017.10.13"]
[SourceVersion "1"]
[SourceVersionDate "2017.10.13"]
[SourceQuality "1"]
[WhiteTeam "Trnava Lokomotiva"]
[BlackTeam "Nitra ASK"]
[WhiteTeamCountry "SVK"]
[BlackTeamCountry "SVK"]

1. d4 Nf6 2. c4 g6 3. Nf3 Bg7 4. g3 0-0 5. Bg2 c5 6. d5 b5 7. cxb5 a6 8. bxa6 d6 9. Nc3 Bxa6 10. 0-0 Nbd7 11. Re1 Qa5 12. Rb1 Rfb8 13. Qc2 Nb6 14. Nd2 Bc8 15. b3 Bd7 16. Bb2 Rc8 17. Nc4 Qa6 18. e4 Nxc4 19. bxc4 Qxc4 20. Bf1 Qb4 21. h3 Rcb8 22. Kh2 Qa5 23. f4 Rxb2 24. Rxb2 Ng4+ 25. hxg4 Bxc3 26. Reb1 Bxb2 27. Rxb2 Bxg4 28. Bc4 Qe1 29. Rb1 Qe3 30. Rb3 Qd4 31. Be2 Qf2+ 0-1

[Event "SVK-chT1W 1617"]
[Site "Slovakia"]
[Date "2016.11.19"]
[Round "3.3"]
[White "Puskar, Peter"]
[Black "Ondrus, Martin"]
[Result "1-0"]
[WhiteElo "2224"]
[BlackElo "2296"]
[PlyCount "65"]
[EventDate "2016.10.15"]
[EventType "team-tourn"]
[EventRounds "11"]
[EventCountry "SVK"]
[SourceTitle "EXT 2018"]
[Source "ChessBase"]
[SourceDate "2017.10.13"]
[SourceVersion "1"]
[SourceVersionDate "2017.10.13"]
[SourceQuality "1"]
[WhiteTeam "Trnava Lokomotiva"]
[BlackTeam "Nitra NSK"]
[WhiteTeamCountry "SVK"]
[BlackTeamCountry "SVK"]

1. d4 g6 2. Nf3 Bg7 3. g3 Nf6 4. Bg2 0-0 5. 0-0 d5 6. c4 c6 7. b3 Bf5 8. Bb2 Ne4 9. Nbd2 Qa5 10. Nxe4 Bxe4 11. Qd2 Qxd2 12. Nxd2 Bxg2 13. Kxg2 Rd8 14. c5 b6 15. Rac1 Nd7 16. Nf3 bxc5 17. Ba3 cxd4 18. Rxc6 e5 19. Bb2 d3 20. exd3 e4 21. Nd4 Ne5 22. Rc2 Nxd3 23. Ba1 Nb4 24. Rc7 a5 25. Ne6 Bxa1 26. Nxd8 Be5 27. Rd7 d4 28. Nxf7 Bg7 29. Nd6 Nxa2 30. Nxe4 Nc3 31. Nc5 Re8 32. Ra1 Re5 33. Rxa5 1-0

[Event "Banska Bystrica Regional Cup"]
[Site "Banska Bystrica"]
[Date "2016.05.08"]
[Round "5.2"]
[White "Haring, Filip"]
[Black "Puskar, Peter"]
[Result "1/2-1/2"]
[WhiteElo "2145"]
[BlackElo "2121"]
[PlyCount "57"]
[EventDate "2016.05.06"]
[EventType "team-tourn"]
[EventRounds "5"]
[EventCountry "SVK"]
[SourceTitle "CBM 172 Extra"]
[Source "ChessBase"]
[SourceDate "2016.06.21"]
[SourceVersion "1"]
[SourceVersionDate "2016.06.21"]
[SourceQuality "1"]
[WhiteTeam "Banska Bystrica Junior"]
[BlackTeam "Trnava Lokomotiva"]
[WhiteTeamCountry "SVK"]
[BlackTeamCountry "SVK"]

1. e4 c5 2. Nf3 d6 3. d4 cxd4 4. Nxd4 Nf6 5. Nc3 a6 6. Be3 e5 7. Nb3 Be6 8. f4 exf4 9. Bxf4 Nc6 10. Qe2 Be7 11. h3 Nd7 12. 0-0-0 Nce5 13. Nd5 Bxd5 14. exd5 0-0 15. Kb1 Rc8 16. g4 Bf6 17. Qg2 g6 18. h4 Re8 19. g5 Bg7 20. h5 Nc5 21. hxg6 hxg6 22. Be2 Qc7 23. Nd4 Na4 24. Qh3 Qb6 25. Bb5 Nc4 26. Ne6 fxe6 27. Qh7+ Kf8 28. Be5 Na3+ 29. Ka1 1/2-1/2

[Event "SVK-chT1W 1516"]
[Site "Slovakia"]
[Date "2016.02.20"]
[Round "8.4"]
[White "Puskar, Peter"]
[Black "Ondrus, Martin"]
[Result "0-1"]
[WhiteElo "2084"]
[BlackElo "2317"]
[PlyCount "84"]
[EventDate "2015.10.24"]
[EventType "team-tourn"]
[EventRounds "11"]
[EventCountry "SVK"]
[SourceTitle "EXT 2017"]
[Source "ChessBase"]
[SourceDate "2016.10.25"]
[SourceVersion "1"]
[SourceVersionDate "2016.10.25"]
[SourceQuality "1"]
[WhiteTeam "Trnava Lokomotiva"]
[BlackTeam "Nitra"]
[WhiteTeamCountry "SVK"]
[BlackTeamCountry "SVK"]

1. d4 g6 2. g3 Bg7 3. Nf3 Nf6 4. Bg2 0-0 5. 0-0 d5 6. c4 c6 7. Nc3 dxc4 8. a4 Nd5 9. e4 Nxc3 10. bxc3 c5 11. h3 Nc6 12. Be3 Na5 13. Qe2 cxd4 14. Nxd4 Bd7 15. Rfd1 Qc8 16. Kh2 Rd8 17. f4 e5 18. Nb5 Bxb5 19. axb5 Rxd1 20. Rxd1 exf4 21. Bxf4 Qe8 22. Bc7 b6 23. e5 Rc8 24. Bd6 Rd8 25. Qf2 Qe6 26. Bd5 Qf5 27. Qg2 Qh5 28. Rf1 Bxe5 29. Bxf7+ Kg7 30. Bb4 Qg5 31. Be6 Bd6 32. Bxa5 bxa5 33. Bxc4 Be5 34. Rf7+ Kh6 35. Be2 Rd2 36. Rf2 Qe3 37. h4 a4 38. Kh1 Bxg3 39. Rf3 Qxe2 40. Rxg3 Qxg2+ 41. Rxg2 Rxg2 42. Kxg2 a3 0-1

[Event "SVK-chT2A 1516"]
[Site "Slovakia"]
[Date "2016.01.24"]
[Round "7.2"]
[White "Jakubec, Milan"]
[Black "Puskar, Peter"]
[Result "0-1"]
[WhiteElo "2059"]
[BlackElo "2128"]
[PlyCount "84"]
[EventDate "2015.10.17"]
[EventType "team-tourn"]
[EventRounds "11"]
[EventCountry "SVK"]
[SourceTitle "CBM 170 Extra"]
[Source "ChessBase"]
[SourceDate "2016.02.25"]
[SourceVersion "1"]
[SourceVersionDate "2016.02.25"]
[SourceQuality "1"]
[WhiteTeam "Trnava Modranka"]
[BlackTeam "Trnava Lokomotiva II"]
[WhiteTeamCountry "SVK"]
[BlackTeamCountry "SVK"]

1. e4 c5 2. Nf3 d6 3. d4 cxd4 4. Nxd4 Nf6 5. f3 g6 6. c4 Bg7 7. Be3 Nc6 8. Qd2 0-0 9. Be2 a6 10. Nc3 Bd7 11. 0-0 Rb8 12. Nxc6 Bxc6 13. a4 Nd7 14. b4 b6 15. Ra3 Qc7 16. Rc1 Rfc8 17. Nd5 Bxd5 18. exd5 a5 19. Ra2 axb4 20. Qxb4 Ra8 21. Rb1 Rcb8 22. Kf1 Ra5 23. Bf2 Nc5 24. Ra3 Bf6 25. Bd1 Rb7 26. g3 Qc8 27. Kg2 Kg7 28. Bxc5 Rxc5 29. Bb3 Qf5 30. Qe1 h5 31. Ra2 h4 32. Bc2 h3+ 33. Kf2 Bd4+ 34. Ke2 Qf6 35. Kd3 Rbc7 36. Bb3 e6 37. Qe4 Bc3 38. Rc2 exd5 39. cxd5 Be5 40. Bc4 Ra7 41. f4 Ba1 42. Rb4 Re7 0-1

[Event "SVK-chT3A2 1516"]
[Site "Slovakia"]
[Date "2015.11.29"]
[Round "4.2"]
[White "Puskar, Peter"]
[Black "Stanec, Stanislav"]
[Result "1-0"]
[WhiteElo "2084"]
[BlackElo "2167"]
[PlyCount "103"]
[EventDate "2015.10.11"]
[EventType "team-tourn"]
[EventRounds "11"]
[EventCountry "SVK"]
[SourceTitle "EXT 2020"]
[Source "ChessBase"]
[SourceDate "2019.10.17"]
[SourceVersion "1"]
[SourceVersionDate "2019.10.17"]
[SourceQuality "1"]
[WhiteTeam "Trnava Lokomotiva III"]
[BlackTeam "Skalica II"]
[WhiteTeamCountry "SVK"]
[BlackTeamCountry "SVK"]

1. d4 Nf6 2. Nf3 g6 3. g3 Bg7 4. Bg2 0-0 5. 0-0 d6 6. c4 Nbd7 7. Nc3 c6 8. e4 e5 9. h3 Re8 10. Re1 Qc7 11. Be3 b6 12. Rc1 Bb7 13. d5 Nc5 14. Qc2 a5 15. a3 cxd5 16. Nxd5 Nxd5 17. cxd5 a4 18. Nd2 Ba6 19. Bxc5 bxc5 20. Qxa4 Bh6 21. Qc2 Qa5 22. Rcd1 Rab8 23. Bf1 Bxf1 24. Nxf1 Rb7 25. Ne3 Bxe3 26. Rxe3 Reb8 27. Rb1 Rb5 28. Rc3 Kg7 29. Kg2 R8b6 30. f4 exf4 31. gxf4 Qa8 32. b4 cxb4 33. a4 Rc5 34. Rxc5 dxc5 35. Qxc5 Qxa4 36. Rb2 Qa3 37. Qd4+ Kh6 38. f5 f6 39. fxg6 hxg6 40. e5 fxe5 41. Qxe5 Qa8 42. Qe3+ Kh7 43. Qxb6 Qxd5+ 44. Kg1 Qg5+ 45. Rg2 Qc1+ 46. Kh2 Qf4+ 47. Kh1 Qe4 48. Qc7+ Kh6 49. Qg3 Qb1+ 50. Kh2 b3 51. Re2 Qf1 52. Qf2 1-0

[Event "SVK-chT1W 1516"]
[Site "Slovakia"]
[Date "2015.10.25"]
[Round "2.6"]
[White "Balogh, Tomas"]
[Black "Puskar, Peter"]
[Result "1/2-1/2"]
[WhiteElo "2344"]
[BlackElo "2084"]
[PlyCount "43"]
[EventDate "2015.10.24"]
[EventType "team-tourn"]
[EventRounds "11"]
[EventCountry "SVK"]
[SourceTitle "CBM 170 Extra"]
[Source "ChessBase"]
[SourceDate "2016.02.25"]
[SourceVersion "1"]
[SourceVersionDate "2016.02.25"]
[SourceQuality "1"]
[WhiteTeam "Bratislava Lokomotiva"]
[BlackTeam "Trnava Lokomotiva"]
[WhiteTeamCountry "SVK"]
[BlackTeamCountry "SVK"]

1. d4 Nf6 2. Nf3 e6 3. e3 b6 4. Nbd2 Bb7 5. b3 Be7 6. Bb2 0-0 7. Be2 d6 8. 0-0 Nbd7 9. c4 c5 10. Qc2 Rc8 11. Rac1 Qc7 12. Rfd1 Qb8 13. Qb1 Rfd8 14. Qa1 Qa8 15. Nf1 cxd4 16. exd4 d5 17. Ne3 Rc7 18. a4 a5 19. Ba3 Bxa3 20. Qxa3 Nb8 21. h3 Na6 22. cxd5 1/2-1/2

[Event "SVK-chT1W 1415"]
[Site "Slovakia"]
[Date "2015.01.11"]
[Round "6.3"]
[White "Puskar, Peter"]
[Black "Federic, Pavol"]
[Result "1/2-1/2"]
[WhiteElo "2051"]
[BlackElo "2175"]
[PlyCount "90"]
[EventDate "2014.10.18"]
[EventType "team-tourn"]
[EventRounds "11"]
[EventCountry "SVK"]
[SourceTitle "EXT 2016"]
[Source "ChessBase"]
[SourceDate "2015.10.08"]
[SourceVersion "1"]
[SourceVersionDate "2015.10.08"]
[SourceQuality "1"]
[WhiteTeam "Trnava Lokomotiva"]
[BlackTeam "Modra"]
[WhiteTeamCountry "SVK"]
[BlackTeamCountry "SVK"]

1. d4 d5 2. Nf3 Nf6 3. c4 c6 4. e3 g6 5. Nc3 Bg7 6. Bd3 0-0 7. 0-0 Nbd7 8. b3 Re8 9. cxd5 Nxd5 10. Nxd5 cxd5 11. Bb2 e5 12. dxe5 Nxe5 13. Nxe5 Bxe5 14. Bxe5 Rxe5 15. Be2 Qh4 16. Bf3 Be6 17. Rc1 Rd8 18. Qd4 Qxd4 19. exd4 Rf5 20. Rc7 Rb8 21. Rd1 h5 22. Rd3 Kf8 23. g3 Ke8 24. Bg2 g5 25. f3 Kd8 26. Rc1 Rc8 27. Rxc8+ Kxc8 28. Kf2 Kd7 29. Ke3 Rf6 30. Rc3 Bf5 31. Bf1 Kd6 32. Bd3 Bxd3 33. Rxd3 g4 34. Ke2 Kc6 35. Rc3+ Kb6 36. a3 Re6+ 37. Re3 gxf3+ 38. Kxf3 Rf6+ 39. Ke2 Kc6 40. Re8 h4 41. Re3 hxg3 42. hxg3 Kd6 43. Rf3 Ke6 44. Re3+ Kd6 45. Rf3 Rxf3 1/2-1/2

[Event "World ol U16"]
[Site "Gyor"]
[Date "2014.12.18"]
[Round "6.3"]
[White "Puskar, Peter"]
[Black "Sepesi, Samuel"]
[Result "0-1"]
[WhiteElo "2051"]
[BlackElo "1925"]
[PlyCount "104"]
[EventDate "2014.12.13"]
[EventType "team-swiss"]
[EventRounds "10"]
[EventCountry "HUN"]
[SourceTitle "EXT 2016"]
[Source "ChessBase"]
[SourceDate "2015.10.08"]
[SourceVersion "1"]
[SourceVersionDate "2015.10.08"]
[SourceQuality "1"]
[WhiteTeam "Slovakia West"]
[BlackTeam "Slovakia East"]
[WhiteTeamCountry "SVK"]
[BlackTeamCountry "SVK"]

1. d4 Nf6 2. Nf3 g6 3. c4 c5 4. d5 b5 5. cxb5 a6 6. bxa6 Bxa6 7. Nc3 Bg7 8. g3 d6 9. Bg2 Nbd7 10. Rb1 Qa5 11. 0-0 Nb6 12. Nd2 Nc4 13. Nxc4 Bxc4 14. Qc2 Nd7 15. Bd2 0-0 16. b3 Ba6 17. a4 Rfb8 18. Na2 Qc7 19. Rfe1 Ra7 20. b4 Rba8 21. b5 Bb7 22. Nb4 Nb6 23. Na6 Qd7 24. e4 Nxa4 25. Qxa4 Bxa6 26. Qxa6 Rxa6 27. bxa6 Qa4 28. Bf1 c4 29. Rec1 Qxa6 30. Bxc4 Qa3 31. Be3 h5 32. Bf1 Bf6 33. h4 Kg7 34. Rc4 Qa2 35. Rcb4 Ra3 36. Bb6 Be5 37. Bg2 Qc2 38. Rf1 Qd2 39. Rc4 Ra2 40. Kh2 g5 41. hxg5 h4 42. Be3 Qe2 43. Rcc1 hxg3+ 44. Kg1 gxf2+ 45. Bxf2 Qh5 46. Rfe1 Qh2+ 47. Kf1 Qf4 48. Re2 Qxc1+ 49. Be1 Qf4+ 50. Bf2 Ra1+ 51. Re1 Bd4 52. Rxa1 Qxf2# 0-1